000 00517nam a22001817a 4500
005 20251108175718.0
008 250721s2016 xx 000 0 ara d
082 1 4 _aط/ق/ناص
100 1 _aناصر، امل
245 1 0 _aالنفق /
264 1 _aلبنان :
_bدار البنان،
_c2016.
300 _a21ص.
650 1 7 _aالقصص القصيره
653 _aاطفال ماقبل المدرسة (0-5)سنه
700 1 _aسليمان، هشام
_eرسام
942 _2ddc
_cBK
999 _c140623
_d140623